[Event "Liberec Region-chT 2223"]
[Site "Czech Republic"]
[Date "2022.12.11"]
[Round "5.6"]
[White "Mlot, Frantisek"]
[Black "Muzik, Roman"]
[Result "1/2-1/2"]
[WhiteElo "1582"]
[BlackElo "1793"]
[PlyCount "116"]
[EventDate "2022.10.09"]
[EventType "team-tourn"]
[EventRounds "11"]
[EventCountry "CZE"]
[SourceTitle "EXT 2024"]
[Source "ChessBase"]
[SourceDate "2023.10.10"]
[SourceVersion "1"]
[SourceVersionDate "2023.10.10"]
[SourceQuality "1"]

1. e4 e5 2. Nf3 Nc6 3. Bc4 Bc5 4. c3 Nf6 5. d3 d6 6. 0-0 a6 7. Bg5 h6 8. Bh4 Ba7 9. Re1 Na5 10. Bb3 Nxb3 11. axb3 Bg4 12. Nbd2 g5 13. Bg3 Nh5 14. d4 Nxg3 15. hxg3 exd4 16. e5 0-0 17. Qc2 dxc3 18. bxc3 Re8 19. Qe4 Qd7 20. Qxb7 Reb8 21. Qd5 Be6 22. Qd3 dxe5 23. Qxd7 Bxd7 24. Nxe5 Be6 25. Nc6 Rb6 26. Nxa7 Rxa7 27. b4 a5 28. bxa5 Rba6 29. Re5 f5 30. Nf3 Kf7 31. Nd4 Kf6 32. Rae1 Bd7 33. Rd5 c5 34. Rxc5 Rxa5 35. Rxa5 Rxa5 36. f3 Ra2 37. Rb1 h5 38. Kf1 Ke5 39. Rb7 Bc8 40. Rb5+ Kf6 41. Rb6+ Kf7 42. Rc6 Ba6+ 43. Kg1 Bd3 44. Rh6 Ra3 45. Rc6 Ra2 46. Rc5 Kf6 47. Nc6 g4 48. Nb4 Ra1+ 49. Kf2 Rf1+ 50. Ke3 Bb1 51. Nd5+ Ke5 52. Nf4+ Kd6 53. Rd5+ Kc6 54. Ke2 Rc1 55. Rd1 Rc2+ 56. Ke1 Ba2 57. Rd2 Rc1+ 58. Kf2 Bc4 1/2-1/2